Theory and application of digital signal processing / (Record no. 188640)
[ view plain ]
| 000 -LEADER | |
|---|---|
| fixed length control field | 01442 a2200217 4500 |
| 003 - CONTROL NUMBER IDENTIFIER | |
| control field | NUST |
| 005 - DATE AND TIME OF LATEST TRANSACTION | |
| control field | 20230727090626.0 |
| 010 ## - LIBRARY OF CONGRESS CONTROL NUMBER | |
| LC control number | 74022332 |
| 020 ## - INTERNATIONAL STANDARD BOOK NUMBER | |
| International Standard Book Number | 0139141014 |
| 040 ## - CATALOGING SOURCE | |
| Transcribing agency | Nust |
| 082 00 - DEWEY DECIMAL CLASSIFICATION NUMBER | |
| Classification number | 621.3822,RAB |
| 100 1# - MAIN ENTRY--PERSONAL NAME | |
| Personal name | Rabiner, Lawrence R., |
| 9 (RLIN) | 95469 |
| 245 10 - TITLE STATEMENT | |
| Title | Theory and application of digital signal processing / |
| Statement of responsibility, etc. | Lawrence R. Rabiner, Bernard Gold. |
| 260 ## - PUBLICATION, DISTRIBUTION, ETC. | |
| Place of publication, distribution, etc. | Englewood Cliffs, N.J. : |
| Name of publisher, distributor, etc. | Prentice-Hall, |
| Date of publication, distribution, etc. | [1975] |
| 300 ## - PHYSICAL DESCRIPTION | |
| Extent | xv, 762 p. ; |
| Other physical details | ill. ; |
| Dimensions | 24 cm. |
| 505 ## - FORMATTED CONTENTS NOTE | |
| Formatted contents note | Introduction (Page-1), Theory of Discrete-Time Linear Systems (Page-9), The Theory and Approximation of Finite Duration Impulse Response Digital Filters (Page-75), Theory and Approximation of in Finite Impulse Response Digital (Page-205), Finite Word Length Effects in Digital Filters (Page-295), Spectrum Analysis and the Fast Fourier Transform (Page-356), An Introduction to the Theory of Two-Dimensional Signal Processing (Page-438), Introduction to digital Hardware (Page-484), Special Purpose Hardware for Digital Filtering and Signal Generation (Page-541), Special Purpose Hardware for the FFT (Page-573), General-Purpose Hardware for Signal Processing Facilities (Page-627), Applications of Digital Signal Processing to Speech (Page-658), Applications to Radar (Page-709). |
| 650 #0 - SUBJECT ADDED ENTRY--TOPICAL TERM | |
| Topical term or geographic name entry element | Telecommunication engineering |
| 650 #0 - SUBJECT ADDED ENTRY--TOPICAL TERM | |
| Topical term or geographic name entry element | Telecommunication engineering |
| 9 (RLIN) | 113842 |
| 700 1# - ADDED ENTRY--PERSONAL NAME | |
| Personal name | Gold, Bernard, |
| 9 (RLIN) | 104718 |
| 942 ## - ADDED ENTRY ELEMENTS (KOHA) | |
| Source of classification or shelving scheme | |
| Koha item type | Book |
| Call number prefix | 621.3822,RAB |
| Withdrawn status | Lost status | Source of classification or shelving scheme | Damaged status | Not for loan | Collection code | Permanent Location | Current Location | Date acquired | Total Checkouts | Full call number | Barcode | Date last seen | Price effective from | Koha item type | Shelving location | Public note |
|---|---|---|---|---|---|---|---|---|---|---|---|---|---|---|---|---|
| Military College of Signals (MCS) | Military College of Signals (MCS) | 12/12/2016 | 621.3822 RAB | MCS22666 | 12/08/2016 | 12/12/2016 | Book | |||||||||
| Military College of Signals (MCS) | Military College of Signals (MCS) | 12/12/2016 | 621.3822,RAB | MCS27065 | 12/08/2016 | 12/12/2016 | Book | General Stacks | Almirha No 83, Shelf No 3 |
